000 00352nam a2200121Ia 4500
005 20251222153614.0
008 251222s9999||||xx |||||||||||||| ||spa||
020 _a84-7908-463-4
082 _a378.101.246/P82
100 _a"Poveda Blanco, Francisco Sánchez Sánchez, Ángel, eds."
245 0 _aLa fiscalidad en la universidad española
942 _cLIB
999 _c31734
_d31734